000 00571nam a22001697a 4500
003 UA-OsUOA
001 17813
007 ta
008 20040326b un ||||| |||| 00| 0 ukr d
942 _cSA
040 _aUA-OsUOA
_cUA-OsUOA
_dUA-OsUOA
245 _aЗвітує Рівненщина [у Нац. палаці "Україна" в рамках Всеукр. огляду нар. творчості]
300 _aС.1
955 _a0
773 0 _w0
_tВісті Рівненщини
_dРівне
_d2004
_g№26/27 /19 берез./
650 7 _aЗвітність
_2UDC
999 _c303981
_d303981